<?xml version="1.0" encoding="UTF-8"?>
<record
    xmlns:xsi="http://www.w3.org/2001/XMLSchema-instance"
    xsi:schemaLocation="http://www.loc.gov/MARC21/slim http://www.loc.gov/standards/marcxml/schema/MARC21slim.xsd"
    xmlns="http://www.loc.gov/MARC21/slim">

  <leader>02880nas2a22004211i 4500</leader>
  <controlfield tag="001">RU\NLR\IC100\5000003608</controlfield>
  <controlfield tag="005">20260407061755.0</controlfield>
  <datafield tag="035" ind1=" " ind2=" ">
    <subfield code="a">(NLR Aleph) 002554320</subfield>
  </datafield>
  <datafield tag="090" ind1=" " ind2=" ">
    <subfield code="a">3047965</subfield>
    <subfield code="c">3047965</subfield>
  </datafield>
  <datafield tag="100" ind1=" " ind2=" ">
    <subfield code="a">20040609b19571963|||y0rusy50      ca</subfield>
  </datafield>
  <datafield tag="101" ind1="0" ind2=" ">
    <subfield code="a">rus</subfield>
  </datafield>
  <datafield tag="102" ind1=" " ind2=" ">
    <subfield code="a">RU</subfield>
  </datafield>
  <datafield tag="110" ind1=" " ind2=" ">
    <subfield code="a">zyu||||0|y0</subfield>
  </datafield>
  <datafield tag="200" ind1="1" ind2=" ">
    <subfield code="a">&#x41E;&#x447;&#x435;&#x440;&#x43A;&#x438; &#x438;&#x441;&#x442;&#x43E;&#x440;&#x438;&#x438; &#x43C;&#x443;&#x437;&#x435;&#x439;&#x43D;&#x43E;&#x433;&#x43E; &#x434;&#x435;&#x43B;&#x430; &#x432; &#x421;&#x421;&#x421;&#x420;</subfield>
    <subfield code="f">&#x41C;-&#x432;&#x43E; &#x43A;&#x443;&#x43B;&#x44C;&#x442;&#x443;&#x440;&#x44B; &#x420;&#x421;&#x424;&#x421;&#x420;. &#x41D;&#x430;&#x443;&#x447;.-&#x438;&#x441;&#x441;&#x43B;&#x435;&#x434;. &#x438;&#x43D;-&#x442; &#x43C;&#x443;&#x437;&#x435;&#x435;&#x432;&#x435;&#x434;&#x435;&#x43D;&#x438;&#x44F; &#x438; &#x43E;&#x445;&#x440;&#x430;&#x43D;&#x44B; &#x43F;&#x430;&#x43C;&#x44F;&#x442;&#x43D;&#x438;&#x43A;&#x43E;&#x432; &#x438;&#x441;&#x442;&#x43E;&#x440;&#x438;&#x438; &#x438; &#x43A;&#x443;&#x43B;&#x44C;&#x442;&#x443;&#x440;&#x44B;</subfield>
  </datafield>
  <datafield tag="207" ind1=" " ind2="1">
    <subfield code="a">[&#x412;&#x44B;&#x43F;.1]-7</subfield>
  </datafield>
  <datafield tag="210" ind1=" " ind2=" ">
    <subfield code="a">&#x41C;.</subfield>
    <subfield code="d">1957-1963</subfield>
  </datafield>
  <datafield tag="225" ind1="2" ind2=" ">
    <subfield code="a">&#x422;&#x440;&#x443;&#x434;&#x44B; &#x41D;&#x430;&#x443;&#x447;&#x43D;&#x43E;-&#x438;&#x441;&#x441;&#x43B;&#x435;&#x434;&#x43E;&#x432;&#x430;&#x442;&#x435;&#x43B;&#x44C;&#x441;&#x43A;&#x43E;&#x433;&#x43E; &#x438;&#x43D;&#x441;&#x442;&#x438;&#x442;&#x443;&#x442;&#x430; &#x43C;&#x443;&#x437;&#x435;&#x435;&#x432;&#x435;&#x434;&#x435;&#x43D;&#x438;&#x44F;</subfield>
    <subfield code="v">...</subfield>
  </datafield>
  <datafield tag="311" ind1=" " ind2=" ">
    <subfield code="a">&#x421; &#x432;&#x44B;&#x43F;. 6 (1968) &#x432;&#x44B;&#x445;&#x43E;&#x434;&#x438;&#x442; &#x441;&#x430;&#x43C;&#x43E;&#x441;&#x442;&#x43E;&#x44F;&#x442;&#x435;&#x43B;&#x44C;&#x43D;&#x43E; (&#x448;&#x438;&#x444;&#x440;: &#x41F;51/110)</subfield>
  </datafield>
  <datafield tag="430" ind1=" " ind2="1">
    <subfield code="1">2001#$a&#x418;&#x441;&#x442;&#x43E;&#x440;&#x438;&#x44F; &#x43C;&#x443;&#x437;&#x435;&#x439;&#x43D;&#x43E;&#x433;&#x43E; &#x434;&#x435;&#x43B;&#x430; &#x432; &#x421;&#x421;&#x421;&#x420;</subfield>
    <subfield code="t">&#x418;&#x441;&#x442;&#x43E;&#x440;&#x438;&#x44F; &#x43C;&#x443;&#x437;&#x435;&#x439;&#x43D;&#x43E;&#x433;&#x43E; &#x434;&#x435;&#x43B;&#x430; &#x432; &#x421;&#x421;&#x421;&#x420;</subfield>
  </datafield>
  <datafield tag="430" ind1=" " ind2="1">
    <subfield code="1">2001#$a&#x41E;&#x447;&#x435;&#x440;&#x43A;&#x438; &#x438;&#x441;&#x442;&#x43E;&#x440;&#x438;&#x438; &#x43C;&#x443;&#x437;&#x435;&#x439;&#x43D;&#x43E;&#x433;&#x43E; &#x434;&#x435;&#x43B;&#x430; &#x432; &#x420;&#x43E;&#x441;&#x441;&#x438;&#x438;</subfield>
    <subfield code="t">&#x41E;&#x447;&#x435;&#x440;&#x43A;&#x438; &#x438;&#x441;&#x442;&#x43E;&#x440;&#x438;&#x438; &#x43C;&#x443;&#x437;&#x435;&#x439;&#x43D;&#x43E;&#x433;&#x43E; &#x434;&#x435;&#x43B;&#x430; &#x432; &#x420;&#x43E;&#x441;&#x441;&#x438;&#x438;</subfield>
  </datafield>
  <datafield tag="430" ind1=" " ind2="1">
    <subfield code="1">2001#$a&#x412;&#x43E;&#x43F;&#x440;&#x43E;&#x441;&#x44B; &#x438;&#x441;&#x442;&#x43E;&#x440;&#x438;&#x438; &#x43C;&#x443;&#x437;&#x435;&#x439;&#x43D;&#x43E;&#x433;&#x43E; &#x434;&#x435;&#x43B;&#x430; &#x432; &#x421;&#x421;&#x421;&#x420;</subfield>
    <subfield code="t">&#x412;&#x43E;&#x43F;&#x440;&#x43E;&#x441;&#x44B; &#x438;&#x441;&#x442;&#x43E;&#x440;&#x438;&#x438; &#x43C;&#x443;&#x437;&#x435;&#x439;&#x43D;&#x43E;&#x433;&#x43E; &#x434;&#x435;&#x43B;&#x430; &#x432; &#x421;&#x421;&#x421;&#x420;</subfield>
  </datafield>
  <datafield tag="461" ind1=" " ind2="0">
    <subfield code="1">001RU\NLR\INFOCOMM5\1000358105</subfield>
    <subfield code="1">2001#$a&#x422;&#x440;&#x443;&#x434;&#x44B; &#x41D;&#x430;&#x443;&#x447;&#x43D;&#x43E;-&#x438;&#x441;&#x441;&#x43B;&#x435;&#x434;&#x43E;&#x432;&#x430;&#x442;&#x435;&#x43B;&#x44C;&#x441;&#x43A;&#x43E;&#x433;&#x43E; &#x438;&#x43D;&#x441;&#x442;&#x438;&#x442;&#x443;&#x442;&#x430; &#x43C;&#x443;&#x437;&#x435;&#x435;&#x432;&#x435;&#x434;&#x435;&#x43D;&#x438;&#x44F;</subfield>
    <subfield code="9">2935685</subfield>
    <subfield code="a">&#x41D;&#x418;&#x418; &#x43C;&#x443;&#x437;&#x435;&#x435;&#x432;&#x435;&#x434;&#x435;&#x43D;&#x438;&#x44F; (&#x41C;&#x43E;&#x441;&#x43A;&#x432;&#x430;)</subfield>
    <subfield code="c">&#x41C;.</subfield>
    <subfield code="d">1957-</subfield>
    <subfield code="n">&#x413;&#x43E;&#x441;&#x43A;&#x443;&#x43B;&#x44C;&#x442;&#x43F;&#x440;&#x43E;&#x441;&#x432;&#x435;&#x442;&#x438;&#x437;&#x434;&#x430;&#x442;</subfield>
    <subfield code="t">&#x422;&#x440;&#x443;&#x434;&#x44B; &#x41D;&#x430;&#x443;&#x447;&#x43D;&#x43E;-&#x438;&#x441;&#x441;&#x43B;&#x435;&#x434;&#x43E;&#x432;&#x430;&#x442;&#x435;&#x43B;&#x44C;&#x441;&#x43A;&#x43E;&#x433;&#x43E; &#x438;&#x43D;&#x441;&#x442;&#x438;&#x442;&#x443;&#x442;&#x430; &#x43C;&#x443;&#x437;&#x435;&#x435;&#x432;&#x435;&#x434;&#x435;&#x43D;&#x438;&#x44F;</subfield>
  </datafield>
  <datafield tag="712" ind1="0" ind2="2">
    <subfield code="4">570</subfield>
    <subfield code="a">&#x41D;&#x418;&#x418; &#x43C;&#x443;&#x437;&#x435;&#x435;&#x432;&#x435;&#x434;&#x435;&#x43D;&#x438;&#x44F;</subfield>
    <subfield code="c">&#x41C;&#x43E;&#x441;&#x43A;&#x432;&#x430;</subfield>
    <subfield code="3">RU\NLR\AUTH\8810028853</subfield>
    <subfield code="9">556271</subfield>
  </datafield>
  <datafield tag="801" ind1=" " ind2="1">
    <subfield code="a">RU</subfield>
    <subfield code="b">InfoComm</subfield>
    <subfield code="c">20040609</subfield>
  </datafield>
  <datafield tag="801" ind1=" " ind2="0">
    <subfield code="a">RU</subfield>
    <subfield code="b">NLR</subfield>
    <subfield code="g">PSBO</subfield>
  </datafield>
  <datafield tag="852" ind1=" " ind2=" ">
    <subfield code="a">NLR</subfield>
    <subfield code="j">&#x41F;28/796</subfield>
  </datafield>
  <datafield tag="942" ind1=" " ind2=" ">
    <subfield code="c">SE</subfield>
  </datafield>
  <datafield tag="980" ind1=" " ind2=" ">
    <subfield code="a">RUSPER</subfield>
  </datafield>
</record>
